Trabajo infantil, la hora del debate /
Na minha lista:
| Autor principal: | |
|---|---|
| Formato: | Texto |
| Assuntos: | |
| Tags: |
Adicionar Tag
Sem tags, seja o primeiro a adicionar uma tag!
|
MARC
| LEADER | 00000 a a2200000 04500 | ||
|---|---|---|---|
| 001 | 12659 | ||
| 003 | |||
| 040 | |||
| 100 | |a Stark, Roberto H | ||
| 245 | |a Trabajo infantil, la hora del debate / |c Roberto H Stark | ||
| 650 | |a TRABAJO DE MENORES | ||
| 650 | |a POBREZA | ||
| 773 | |g número 9; páginas 66-74 | ||
| 999 | |c 29870 |d 29870 | ||
